000
00243nam a2200097Ia 4500
005
20251222154407.0
008
251222s9999||||xx |||||||||||||| ||spa||
082
_a
860/A62A/1969
245
0
_a
Lazarillo de Tormes - El diablo cojuelo
942
_c
LIB
999
_c
35504
_d
35504